Sanat ve propaganda : (Record no. 15069)

MARC details
000 -BAŞLIK
Sabit Uzunlukta Kontrol Alanı 00989nam a22002777a 4500
999 ## - SİSTEM KONTROL NUMARALARI (KOHA)
Koha Biblionumber 15069
Koha Biblioitemnumber 15069
003 - KONTROL NUMARASI IDENTIFIER
Denetim Alanı MIRAKIL
005 - SON İŞLEM TARİHİ VE ZAMANI
Denetim Alanı 20221102141719.0
008 - SABİT-BOY VERİ ELEMANLARI - GENEL BİLGİLER
Sabit Uzunlukta Kontrol Alanı 221102b tu ||||| |||| 00| 0 tur d
020 ## - ULUSLARARASI STANDART KİTAP NUMARASI
Uluslararası Standart Kitap Numarası 9789755394046
040 ## - KATALOGLAMA KAYNAK
Orijinal Kataloglama Ajansı TR-AnCHP
Metne Dönüştürmek Ajansı TR-AnCHP
041 ## - DİL KODU
Metin / Ses Parça Veya Ayrı Başlığın Dil Kodu tur
082 ## - DEWEY ONLU SINIFLANDIRMA NUMARASI
Sınıflandırma Numarası 700.904
Ürün Numarası C42s 2017
100 ## - ANA GİRİŞ - KİŞİSEL İSİM
Kişisel Ad Clark, Toby
245 10 - BAŞLIK TABLOSU
Başlık Sanat ve propaganda :
Başlığın Kalan kitle kültürü çağında politik imge/
Sorumluluk Tablosu, Vb Toby Clark ; çev. Esin Hoşsucu.
246 ## - UNVAN FORM VARYING
Başlık Doğru / Kısa Başlığı kitle kültürü çağında politik imge
260 ## - YAYIN, DAĞITIM, VB
Yayın, Dağıtım, Vb Yeri İstanbul :
Yayıncı, Dağıtıcı, Vs Adı Ayrıntı,
Yayın, Dağıtım, Vb Tarihi 2017.
300 ## - FİZİKSEL TANIM
Kapsam 224 s.:
Diğer Fiziksel Ayrıntıları fotg.;
Boyutlar 21 sm.
490 0# - SERİSİ TABLOSU
Seri Beyanı Ayrıntı ;
-- Sanat ve Kuram dizisi ;
Hacim / Ardışık Tanımı 409.
-- 8.
504 ## - KAYNAKÇA VB NOT
Kaynakça Vb Notu Kaynakça ve dizin vardır.
650 #0 - KONU KATMA GİRİŞ - TOPİKAL DÖNEM
9 (RLIN) 7244
Topikal Süreli Veya Coğrafi Ad Giriş Elemanı Sanat
Genel Alt Bölümü Sosyoloji
650 #0 - KONU KATMA GİRİŞ - TOPİKAL DÖNEM
9 (RLIN) 7244
Topikal Süreli Veya Coğrafi Ad Giriş Elemanı Sanat
Genel Alt Bölümü Propaganda
700 ## - KATMA GİRİŞ - KİŞİSEL İSİM
9 (RLIN) 7248
Kişisel Ad Hoşsucu, Esin
Relator Terim çev.
740 ## - KATMA GİRİŞ - KONTROLSUZ İLGİLİ / ANALİTİK BAŞLIK
Kontrol Edilmeyen / İlgili Analitik Başlıktaki kitle kültürü çağında politik imge
856 ## - ELEKTRONİK YER VE ERİŞİM
Kamu Notu Dijital Nüshası için Partimizin Kütüphane Sorumlusu ile iletişime geçiniz.
942 ## - EKLENDİ GİRİŞ ELEMANLARI (KOHA)
Sınıflandırma Veya Raf Düzeni Kaynak Dewey Decimal Classification
Koha Öğesi Türü Books
Holdings
Kalıcı Konum Mevcut Konum Edinme Tarihi Toplam Check-Out'Lar Tam Çağrı Numarası Barkod Tarih Son Görülme İtibaren Geçerli Fiyatlar Koha Öğesi Türü
CHP Kütüphanesi CHP Kütüphanesi 11/02/2022   700.904 C42s 2017 020612 11/02/2022 11/02/2022 Books